[Event "DVM U14 2012"]
[Site "Magdeburg GER"]
[Date "2012.12.27"]
[Round "1"]
[White "Wulfhorst, Noah"]
[Black "Bilchinski, Anton"]
[Result "0-1"]
[Termination "normal"]
[Board "7.1"]
[WhiteElo "1619"]
[BlackElo "1912"]
[WhiteTeam "Gütersloher SV"]
[BlackTeam "SK 1908 Göggingen"]
[WhiteFideId "12964956"]
[BlackFideId "24615765"]
[EventCountry "GER"]
[EventRounds "7"]
[EventType "team-swiss"]
[EventDate "2012.12.26"]

1. e4 c5 2. Nf3 e6 3. d4 cxd4 4. Nxd4 a6 5. c4 Qc7 6. Be2 Nf6 7. Qd3 d6 8. Nc3
Nbd7 9. f4 b6 10. Bf3 Bb7 11. O-O Rc8 12. b3 b5 13. Ncxb5 axb5 14. Nxb5 Qb8 15.
Re1 Ba6 16. Ba3 Bxb5 17. cxb5 Qa7+ 18. b6 Qxa3 19. b7 Rb8 20. Rac1 Nc5 21. Qb5+
Nfd7 22. e5 d5 23. Qc6 Qa7 24. Bxd5 Nd3+ 25. Kh1 Nf2+ 0-1

[Event "DVM U14 2012"]
[Site "Magdeburg GER"]
[Date "2012.12.27"]
[Round "1"]
[White "Reimann, Sebastian"]
[Black "Kandler, Pascal"]
[Result "1-0"]
[Termination "normal"]
[Board "7.2"]
[WhiteElo "1625"]
[BlackElo "1549"]
[WhiteTeam "SK 1908 Göggingen"]
[BlackTeam "Gütersloher SV"]
[WhiteFideId "12928054"]
[BlackFideId "12964964"]
[EventCountry "GER"]
[EventRounds "7"]
[EventType "team-swiss"]
[EventDate "2012.12.26"]

1. e4 c5 2. Nf3 Nc6 3. d4 cxd4 4. Nxd4 e5 5. Nb3 Nf6 6. Bd3 d5 7. exd5 Nxd5 8.
a3 Be6 9. O-O Be7 10. Bd2 O-O 11. Nc3 f5 12. Bc4 Qd7 13. Be3 Rfd8 14. Qd3 e4
15. Qd2 Nc7 16. Qxd7 Rxd7 17. Bxe6+ Nxe6 18. Ne2 Rad8 19. h3 b6 20. c3 Ne5 21.
Nbd4 Nxd4 22. Nxd4 g6 23. Rad1 Kf7 24. a4 Bc5 25. Rb1 Bxd4 26. Bxd4 Nc6 27. Be3
Rd3 28. Rfe1 Ke6 29. Kf1 R8d5 30. c4 Rd7 31. Ke2 Ke5 32. g3 Nd4+ 33. Bxd4+ Kxd4
34. b3 Kc3 35. Rec1+ Kb4 36. c5 Rxb3 37. cxb6 axb6 38. Rxb3+ Kxb3 39. Rb1+ Kxa4
40. Rxb6 Ka5 41. Rb8 Ka6 42. g4 f4 43. Re8 e3 44. fxe3 fxe3 45. Kxe3 Rf7 46.
Re4 Kb5 47. Rf4 Re7+ 48. Kf3 Kc5 49. g5 Kd5 50. Kg4 Ke5 51. h4 Ke6 52. h5 Rf7
53. Re4+ Kd7 54. Ra4 Re7 55. Ra6 Re6 56. Ra7+ Ke8 57. Rxh7 Kf8 58. hxg6 Rxg6
59. Kh5 Rg7 60. Kh6 Rg8 61. g6 Ke8 62. Rg7 Rh8+ 63. Rh7 Rg8 64. Ra7 Rh8+ 65.
Kg7 Rh2 66. Ra8+ Ke7 67. Rh8 Rf2 68. Rh5 Rf4 69. Re5+ Kd7 70. Kg8 Rf1 71. g7
Kd6 72. Rh5 Ke7 73. Kh7 1-0

[Event "DVM U14 2012"]
[Site "Magdeburg GER"]
[Date "2012.12.27"]
[Round "1"]
[White "Pfaffenrot, Daniel"]
[Black "Reimann, Matthias"]
[Result "1-0"]
[Termination "normal"]
[Board "7.3"]
[WhiteElo "1472"]
[BlackElo "1607"]
[WhiteTeam "Gütersloher SV"]
[BlackTeam "SK 1908 Göggingen"]
[WhiteFideId "12964972"]
[BlackFideId "12928046"]
[EventCountry "GER"]
[EventRounds "7"]
[EventType "team-swiss"]
[EventDate "2012.12.26"]

1. e4 d6 2. d4 Nf6 3. Nc3 g6 4. Be3 Bg7 5. h3 c6 6. f4 Qa5 7. Qd2 b5 8. Bd3 Ba6
9. Nf3 Nbd7 10. e5 dxe5 11. dxe5 Nd5 12. Nxd5 Qxd2+ 13. Bxd2 cxd5 14. Nd4 Nb6
15. Bxb5+ Bxb5 16. Nxb5 O-O 17. O-O-O Rfc8 18. Be3 e6 19. Bxb6 axb6 20. Kb1 Rc4
21. g3 Bf8 22. Rd4 Rxd4 23. Nxd4 Bc5 24. c3 Bxd4 25. cxd4 Ra4 26. Rd1 Rc4 27.
Rd3 Kf8 28. b3 Rc6 29. Kb2 Rc7 30. Rc3 Rb7 31. g4 Rb8 32. a4 Ke8 33. Rc7 h6 34.
Kc3 b5 35. axb5 Rxb5 36. Rc5 Rb8 37. b4 Kd7 38. b5 Rc8 39. Rxc8 Kxc8 40. Kb4
Kb7 41. Kc5 Kc7 42. b6+ Kb7 43. Kb5 h5 44. gxh5 gxh5 45. h4 Kb8 46. Kc6 f5 47.
exf6 1-0

[Event "DVM U14 2012"]
[Site "Magdeburg GER"]
[Date "2012.12.27"]
[Round "1"]
[White "Artz, Tobias"]
[Black "Haase, Kai"]
[Result "1-0"]
[Termination "normal"]
[Board "7.4"]
[WhiteElo "1375"]
[BlackElo "1402"]
[WhiteTeam "SK 1908 Göggingen"]
[BlackTeam "Gütersloher SV"]
[WhiteFideId "12928127"]
[BlackFideId "12964999"]
[EventCountry "GER"]
[EventRounds "7"]
[EventType "team-swiss"]
[EventDate "2012.12.26"]

1. e4 e5 2. Nf3 Nc6 3. Bc4 Nf6 4. Ng5 d5 5. exd5 Nxd5 6. Nxf7 Kxf7 7. Qf3+ Ke6
8. Nc3 Nce7 9. O-O g6 10. Re1 c6 11. d4 Bg7 12. Bf4 Kd6 13. dxe5+ Ke6 14. Rad1
b6 15. Ne4 h6 16. Nd6 Rf8 17. Qg4+ Nf5 18. Qxg6+ Ke7 19. Bxd5 cxd5 20. Rxd5 Qc7
21. Nxf5+ Rxf5 22. Qxg7+ Rf7 23. Qxh6 Be6 24. Bg5+ Ke8 25. Qxe6+ Kf8 26. Bh6+
Kg8 27. Qg6+ Kh8 28. e6 Re7 29. Rh5 Rh7 30. Qf6+ Qg7 31. Bxg7+ Kg8 32. Qf7# 1-0

[Event "DVM U14 2012"]
[Site "Magdeburg GER"]
[Date "2012.12.27"]
[Round "1"]
[White "Bingert, Tim Niklas"]
[Black "Berezhnoy, Alex"]
[Result "1-0"]
[Termination "normal"]
[Board "8.1"]
[WhiteElo "1973"]
[BlackElo "1598"]
[WhiteTeam "SK Langen"]
[BlackTeam "VSF 1975 Düsseldorf-Süd"]
[WhiteFideId "12917907"]
[BlackFideId "12918997"]
[EventCountry "GER"]
[EventRounds "7"]
[EventType "team-swiss"]
[EventDate "2012.12.26"]

1. e4 e5 2. Nf3 Nf6 3. Nc3 Bb4 4. Nxe5 O-O 5. Nd3 Bxc3 6. dxc3 Nxe4 7. Be2 d5
8. O-O Bf5 9. f3 Nf6 10. Bg5 Nbd7 11. Qd2 c6 12. Rfe1 Qb6+ 13. Be3 Qc7 14. Bf4
Qb6+ 15. Kh1 Rfe8 16. a4 a5 17. b3 d4 18. c4 c5 19. Bf1 Qc6 20. Rxe8+ Rxe8 21.
Qxa5 Bxd3 22. Bxd3 Ne5 23. Qd2 Nxd3 24. Qxd3 Qe6 25. Bd2 Nh5 26. Kg1 Qe2 27.
Re1 Qxe1+ 28. Bxe1 Rxe1+ 29. Kf2 Re5 30. Qd2 b6 31. c3 g6 32. cxd4 cxd4 33.
Qxd4 Re6 34. c5 bxc5 35. Qxc5 Nf4 36. Qc4 g5 37. a5 Re7 38. a6 h5 39. b4 Kg7
40. b5 Rd7 41. b6 Rd2+ 42. Ke3 Rd1 43. a7 Re1+ 44. Kd2 Re8 45. b7 Rd8+ 46. Kc2
1-0

[Event "DVM U14 2012"]
[Site "Magdeburg GER"]
[Date "2012.12.27"]
[Round "1"]
[White "Surguchov, Alexander"]
[Black "Berkes, Alexander"]
[Result "1/2-1/2"]
[Termination "normal"]
[Board "8.2"]
[WhiteElo "1724"]
[BlackElo "1834"]
[WhiteTeam "VSF 1975 Düsseldorf-Süd"]
[BlackTeam "SK Langen"]
[WhiteFideId "1272035"]
[BlackFideId "12901636"]
[EventCountry "GER"]
[EventRounds "7"]
[EventType "team-swiss"]
[EventDate "2012.12.26"]

1. d4 Nf6 2. Bf4 g6 3. e3 Bg7 4. Bd3 d6 5. Nf3 O-O 6. h3 Re8 7. O-O Nbd7 8. Bh2
e5 9. dxe5 dxe5 10. Bc4 Ne4 11. Bxf7+ Kxf7 12. Qd5+ Kf8 13. Qxe4 Qe7 14. Nc3
Nc5 15. Qb4 a5 16. Qh4 Qxh4 17. Nxh4 e4 18. Bxc7 Kg8 19. Bd6 Bxc3 20. bxc3 Na4
21. g4 h5 22. Nxg6 hxg4 23. Ne7+ Kf7 24. Nxc8 Raxc8 25. hxg4 Rg8 26. f3 Ke6 27.
Bf4 exf3 28. g5 Nxc3 29. Rxf3 Ne2+ 30. Kf1 Nxf4 31. exf4 Kf5 32. Rf2 Rc4 33.
Rb1 Rxf4 34. Rb5+ Kg4 35. Rxf4+ Kxf4 36. Rxa5 Rc8 37. g6 Rg8 1/2-1/2

[Event "DVM U14 2012"]
[Site "Magdeburg GER"]
[Date "2012.12.27"]
[Round "1"]
[White "Özdemir, Ali Özden"]
[Black "Schmitz, Fabian"]
[Result "1-0"]
[Termination "normal"]
[Board "8.3"]
[WhiteElo "1848"]
[BlackElo "1420"]
[WhiteTeam "SK Langen"]
[BlackTeam "VSF 1975 Düsseldorf-Süd"]
[WhiteFideId "12952745"]
[BlackFideId "12965006"]
[EventCountry "GER"]
[EventRounds "7"]
[EventType "team-swiss"]
[EventDate "2012.12.26"]

1. e4 e6 2. d3 d5 3. Qe2 dxe4 4. dxe4 Nc6 5. Nf3 Nf6 6. e5 Nd5 7. c4 Bb4+ 8.
Nbd2 Nf4 9. Qe4 Ng6 10. a3 Bc5 11. Nb3 Be7 12. Be3 O-O 13. Rd1 Bd7 14. h4 h5
15. Bd3 Be8 16. g4 Nb4 17. axb4 Bc6 18. Qxc6 bxc6 19. Bxg6 Qc8 20. Bd3 Bxb4+
21. Ke2 hxg4 22. Nh2 Rd8 23. Nxg4 Qb7 24. Bg5 Rd7 25. Rhg1 Bd6 26. Nf6+ Kh8 27.
Nxd7 Qxb3 28. exd6 cxd6 29. Rd2 Qb7 30. Nf6 Qe7 31. Nh5 f6 32. Be3 f5 33. Nf4
Kg8 34. Ng6 Qf6 35. Rg5 Rb8 36. h5 Rxb2 37. Bxf5 Rxd2+ 38. Bxd2 exf5 39. Rxf5
Qe6+ 40. Kd1 Qe8 41. Rf8+ Qxf8 42. Nxf8 Kxf8 43. Kc2 Kf7 44. Kd3 a6 45. Ke4 1-0

[Event "DVM U14 2012"]
[Site "Magdeburg GER"]
[Date "2012.12.27"]
[Round "1"]
[White "Gula, Julian"]
[Black "Reidl, Jorit"]
[Result "1-0"]
[Termination "normal"]
[Board "8.4"]
[WhiteElo "1372"]
[BlackElo "1058"]
[WhiteTeam "VSF 1975 Düsseldorf-Süd"]
[BlackTeam "SK Langen"]
[WhiteFideId "12954799"]
[BlackFideId "12964760"]
[EventCountry "GER"]
[EventRounds "7"]
[EventType "team-swiss"]
[EventDate "2012.12.26"]

1. e4 e5 2. Nf3 Nc6 3. Bc4 Nf6 4. d3 d6 5. O-O Be7 6. h3 O-O 7. c3 Be6 8. Bb3
Qd7 9. Bxe6 fxe6 10. Nbd2 d5 11. Re1 d4 12. c4 Nb4 13. Qb3 a5 14. Nxe5 Qd6 15.
Ndf3 Nh5 16. c5 Qa6 17. Nxd4 a4 18. Qxb4 Bf6 19. Ndf3 Be7 20. Be3 Nf4 21. Bxf4
Rxf4 22. d4 c6 23. Qc4 Qa5 24. Qxe6+ Kf8 25. Nd7+ Ke8 26. Nb6 Rd8 27. Nc8 Qc7
28. Nxe7 Qxe7 29. Qxe7+ Kxe7 30. Rad1 Rg8 31. d5 g5 32. d6+ Kd7 33. e5 g4 34.
e6+ Kd8 35. e7+ Kd7 36. Ne5+ Kc8 37. d7+ Kc7 38. d8=Q+ Rxd8 39. exd8=Q# 1-0

[Event "DVM U14 2012"]
[Site "Magdeburg GER"]
[Date "2012.12.27"]
[Round "1"]
[White "Bykov, Ilya"]
[Black "Rausch, Adrian"]
[Result "0-1"]
[Termination "normal"]
[Board "9.1"]
[WhiteElo "1683"]
[BlackElo "1751"]
[WhiteTeam "Karlsruher SF 1853"]
[BlackTeam "SV Backnang"]
[WhiteFideId "12918059"]
[BlackFideId "12929069"]
[EventCountry "GER"]
[EventRounds "7"]
[EventType "team-swiss"]
[EventDate "2012.12.26"]

1. e4 c6 2. Nf3 d5 3. exd5 cxd5 4. d4 Nc6 5. c4 Nf6 6. Nc3 Bg4 7. Be2 dxc4 8.
d5 Bxf3 9. Bxf3 Ne5 10. O-O g6 11. Re1 Nfd7 12. Bg5 f6 13. Bc1 Rb8 14. Be4 b5
15. a4 a6 16. axb5 axb5 17. f4 Nf7 18. Bf3 Nd6 19. Qe2 Nc5 20. Ne4 Ndxe4 21.
Bxe4 Nxe4 22. Qxe4 Qd6 23. f5 Rd8 24. Rd1 Qe5 25. Qxe5 fxe5 26. fxg6 hxg6 27.
Ra6 Rd6 28. Ra8+ Rd8 29. Ra6 Bh6 30. Bxh6 Rxh6 31. Rb6 Rh5 32. Rxg6 Rd6 33.
Rg8+ Kd7 34. g4 Rh3 35. g5 Rh4 36. Kf2 Rxh2+ 37. Kg3 Rxb2 38. g6 c3 39. Kf3 c2
40. Ra1 Rf6+ 41. Ke4 Rb1 42. Ra7+ Kd6 43. Rd8+ Kc5 44. Rc7+ Kb4 45. g7 Re1+ 46.
Kd3 Rg6 47. Kd2 Reg1 48. Kxc2 Rxg7 49. Rb8 e4 50. Kd2 R7g2+ 51. Ke3 Re1+ 52.
Kd4 Rd2+ 53. Ke5 e3 54. Rxe7 e2 55. Rbe8 Red1 56. Kf6 e1=Q 57. Rxe1 Rxe1 58.
Rxe1 Rxd5 59. Ke6 Rd2 60. Rb1+ Kc4 61. Rc1+ Kb3 62. Rb1+ Rb2 63. Rh1 b4 64. Kd5
Rc2 65. Rb1+ Rb2 66. Rh1 Ka2 67. Kc4 b3 68. Kb4 Rc2 69. Rh8 b2 70. Ra8+ Kb1 71.
Rh8 Rc7 72. Kb3 Rb7+ 73. Kc3 Ra7 74. Kb3 Ka1 0-1

[Event "DVM U14 2012"]
[Site "Magdeburg GER"]
[Date "2012.12.27"]
[Round "1"]
[White "Maier, Lukas"]
[Black "Wiesner, Alexander"]
[Result "0-1"]
[Termination "normal"]
[Board "9.2"]
[WhiteElo "1693"]
[BlackElo "1638"]
[WhiteTeam "SV Backnang"]
[BlackTeam "Karlsruher SF 1853"]
[WhiteFideId "12946184"]
[BlackFideId "12943991"]
[EventCountry "GER"]
[EventRounds "7"]
[EventType "team-swiss"]
[EventDate "2012.12.26"]

1. d4 d5 2. c4 Nc6 3. e3 dxc4 4. Bxc4 e5 5. Ne2 Nf6 6. O-O Be7 7. dxe5 Qxd1 8.
Rxd1 Nxe5 9. Bb3 O-O 10. Nbc3 Bf5 11. Ng3 Be6 12. Bxe6 fxe6 13. Bd2 c6 14. Nge4
Nd5 15. Ne2 c5 16. N2c3 Rad8 17. f4 Nc4 18. Nxd5 exd5 19. Nc3 d4 20. Ne2 dxe3
21. Bc3 b5 22. b3 Nd2 23. Re1 c4 24. bxc4 Nxc4 25. Nd4 b4 26. Nc6 bxc3 27.
Nxe7+ Kf7 28. Nc6 Rd2 29. Rac1 Rc8 30. Nxa7 Ra8 31. Nb5 Raxa2 32. Nxc3 Rxg2+
33. Kh1 Rxh2+ 0-1

[Event "DVM U14 2012"]
[Site "Magdeburg GER"]
[Date "2012.12.27"]
[Round "1"]
[White "Joeres, Roman"]
[Black "Soos, Philipp"]
[Result "0-1"]
[Termination "normal"]
[Board "9.3"]
[WhiteElo "1301"]
[BlackElo "1604"]
[WhiteTeam "Karlsruher SF 1853"]
[BlackTeam "SV Backnang"]
[WhiteFideId "12964816"]
[BlackFideId "12943967"]
[EventCountry "GER"]
[EventRounds "7"]
[EventType "team-swiss"]
[EventDate "2012.12.26"]

1. d4 Nf6 2. g3 g6 3. Bg2 Bg7 4. Nf3 O-O 5. O-O d5 6. Bg5 h6 7. Bf4 Bf5 8. Nbd2
c6 9. c4 dxc4 10. Nxc4 Nd5 11. Be3 Nd7 12. Qd2 Kh7 13. Bf4 N7f6 14. Be5 Ne4 15.
Qd1 f6 16. Bf4 Nxf4 17. gxf4 Qd7 18. Nh4 Rad8 19. e3 Qe6 20. b3 b5 21. Nd2 Nc3
22. Qf3 Bd3 23. Rfe1 Qd5 24. Qxd5 Nxd5 25. Be4 Bxe4 26. Nxe4 Nb4 27. Rec1 f5
28. Nc5 Rd6 29. a4 a6 30. axb5 cxb5 31. Nf3 Rc8 32. Ne5 Bxe5 33. fxe5 Rdc6 34.
Kf1 Nd5 35. Nd3 Rxc1+ 36. Rxc1 Rxc1+ 37. Nxc1 Nb4 38. Ke2 g5 39. Kf3 e6 40. e4
f4 41. Ne2 Nd3 42. Nc3 Kg6 43. Nd5 exd5 44. exd5 Kf5 45. d6 Ke6 46. d5+ Kxd5
0-1

[Event "DVM U14 2012"]
[Site "Magdeburg GER"]
[Date "2012.12.27"]
[Round "1"]
[White "Zouani, Samir"]
[Black "Ospina Ocampo, Antonio"]
[Result "1/2-1/2"]
[Termination "normal"]
[Board "9.4"]
[WhiteElo "1486"]
[BlackElo "1331"]
[WhiteTeam "SV Backnang"]
[BlackTeam "Karlsruher SF 1853"]
[WhiteFideId "12946206"]
[BlackFideId "12946362"]
[EventCountry "GER"]
[EventRounds "7"]
[EventType "team-swiss"]
[EventDate "2012.12.26"]

1. e4 e5 2. Nf3 Nc6 3. Bc4 Bc5 4. c3 Nf6 5. d4 exd4 6. e5 Qe7 7. cxd4 Bb4+ 8.
Bd2 Bxd2+ 9. Nbxd2 d6 10. O-O Nd7 11. exd6 Qxd6 12. Re1+ Ne7 13. Ne4 Qb4 14.
Qe2 O-O 15. b3 Ng6 16. Nfg5 h6 17. Nf3 Nb6 18. a3 Qa5 19. Nc5 Nxc4 20. Qxc4 Qb6
21. b4 Qf6 22. Ne4 Qe6 23. Qxc7 Qd5 24. Qg3 Bf5 25. Nd6 Be6 26. Ne4 Qc6 27. Ne5
Nxe5 28. dxe5 Rac8 29. Nf6+ Kh8 30. Nh5 Rg8 31. Qh4 Bd5 32. f3 Rce8 33. Nf6 Re6
34. Nxg8 Kxg8 35. Rac1 Qd7 36. Qg4 Qe7 37. Qf5 Bc6 38. Rcd1 Rg6 39. Qc8+ Kh7
40. Rd8 Rg5 41. f4 Rxg2+ 42. Kf1 Qh4 43. Qf5+ Rg6 44. Re2 1/2-1/2

[Event "DVM U14 2012"]
[Site "Magdeburg GER"]
[Date "2012.12.27"]
[Round "1"]
[White "Bauer, Björn-Benny"]
[Black "Maurer, Noah"]
[Result "1-0"]
[Termination "normal"]
[Board "10.1"]
[WhiteElo "2022"]
[BlackElo "1649"]
[WhiteTeam "SK Gau-Algesheim"]
[BlackTeam "SG Königskinder Hohentübingen"]
[WhiteFideId "24698741"]
[BlackFideId "12920673"]
[EventCountry "GER"]
[EventRounds "7"]
[EventType "team-swiss"]
[EventDate "2012.12.26"]

1. d4 d5 2. c4 c6 3. Nc3 Bf5 4. Nf3 Nf6 5. e3 e6 6. Be2 h6 7. O-O Be7 8. b3
Nbd7 9. Bb2 O-O 10. Rc1 Rc8 11. h3 dxc4 12. Bxc4 Nb6 13. Bd3 Bxd3 14. Qxd3 c5
15. Ne4 cxd4 16. exd4 Nfd5 17. Ne5 Nb4 18. Qg3 Rc2 19. Rxc2 Nxc2 20. d5 f6 21.
Ng6 Rf7 22. Nxe7+ Qxe7 23. d6 Qd8 24. Rc1 Nb4 25. Bxf6 Rxf6 26. Nxf6+ Qxf6 27.
d7 Nxd7 28. Qd6 Nxa2 29. Rc8+ Nf8 30. Qd2 Qa1+ 31. Kh2 a5 32. Qxa5 Qb2 33. Qc5
Qf6 34. b4 Qf5 35. Qc4 Qb1 36. Qxe6+ Kh7 37. Rxf8 Qxb4 38. Qf5+ 1-0

[Event "DVM U14 2012"]
[Site "Magdeburg GER"]
[Date "2012.12.27"]
[Round "1"]
[White "Shankar, Ajay"]
[Black "Grieb, Lukas"]
[Result "0-1"]
[Termination "normal"]
[Board "10.2"]
[WhiteElo "1562"]
[BlackElo "1599"]
[WhiteTeam "SG Königskinder Hohentübingen"]
[BlackTeam "SK Gau-Algesheim"]
[WhiteFideId "12938394"]
[BlackFideId "1271993"]
[EventCountry "GER"]
[EventRounds "7"]
[EventType "team-swiss"]
[EventDate "2012.12.26"]

1. d4 Nf6 2. c4 c5 3. e3 d6 4. Nc3 Bf5 5. Nf3 Nbd7 6. Be2 Qc7 7. O-O g6 8. h3
h5 9. d5 Ne5 10. b3 Qd7 11. Ng5 Bh6 12. e4 Bxg5 13. Bxg5 Bxh3 14. Bxf6 exf6 15.
gxh3 Qxh3 16. Nb5 Ng4 17. Bxg4 hxg4 0-1

[Event "DVM U14 2012"]
[Site "Magdeburg GER"]
[Date "2012.12.27"]
[Round "1"]
[White "Erlekam, Simon"]
[Black "Hurm, Marius"]
[Result "1-0"]
[Termination "normal"]
[Board "10.3"]
[WhiteElo "1659"]
[BlackElo "1400"]
[WhiteTeam "SK Gau-Algesheim"]
[BlackTeam "SG Königskinder Hohentübingen"]
[WhiteFideId "12921416"]
[BlackFideId "12951552"]
[EventCountry "GER"]
[EventRounds "7"]
[EventType "team-swiss"]
[EventDate "2012.12.26"]

1. e4 e5 2. Nf3 Nc6 3. Bc4 Bc5 4. c3 Nf6 5. O-O O-O 6. d4 exd4 7. cxd4 Be7 8.
e5 Ne4 9. d5 Na5 10. Bd3 Nc5 11. Bc2 Na6 12. Qd3 g6 13. Qd2 b6 14. Qh6 f6 15.
Nh4 f5 16. Nxg6 hxg6 17. Qxg6+ Kh8 18. Bxf5 Rxf5 19. Qxf5 Bb7 20. Qh5+ Kg8 21.
Bh6 Qe8 22. Qg4+ 1-0

[Event "DVM U14 2012"]
[Site "Magdeburg GER"]
[Date "2012.12.27"]
[Round "1"]
[White "Sänger, Julius"]
[Black "Jusman, Jesse Samuel"]
[Result "1/2-1/2"]
[Termination "normal"]
[Board "10.4"]
[WhiteElo "1029"]
[BlackElo "1138"]
[WhiteTeam "SG Königskinder Hohentübingen"]
[BlackTeam "SK Gau-Algesheim"]
[WhiteFideId "12920703"]
[BlackFideId "12926043"]
[EventCountry "GER"]
[EventRounds "7"]
[EventType "team-swiss"]
[EventDate "2012.12.26"]

1. e4 e5 2. Nf3 Nc6 3. Bb5 Bc5 4. c3 Nf6 5. d4 exd4 6. cxd4 Bb6 7. e5 Qe7 8.
O-O Nd5 9. a3 d6 10. Re1 O-O 11. Bg5 Qe6 12. Bxc6 bxc6 13. Nc3 Qg6 14. Nxd5
cxd5 15. Qb3 h6 16. Bh4 Be6 17. exd6 cxd6 18. Bg3 Rab8 19. Qc3 Rbc8 20. Qb3 Rb8
21. Qc3 Rbc8 22. Qb3 Rb8 1/2-1/2